00696nam a2200217 a 450000100100000000500170001000800410002704000250006808200250009310000320011824500690015025000110021926000580023030000260028849000280031465000310034265000430037383000360041604900090045299900170046100002219420200930011626.0100917s1973 ck r 000 e spa d aDO-SdBNPbspacBNPHU aC864.42bG643L, 19731 aGonzález, Fernando94591510aLibros de los viajes o de las presencias /cFernando González. a2a ed. aMedellín, República de Colombia :bBedout,c1973. a219, [2] P. ;c18 cm.1 aBolsilibros bedoutv142 4aEnsayos colombianos914811 4aLiteratura colombianaySIGLO XX914409 0aBolsilibros bedout ;v14293750 aBNGR c21692d21692